[Event "Bratto op-B 33rd"]
[Site "Bratto"]
[Date "2013.08.22"]
[Round "5"]
[White "Tardelli, Andrea"]
[Black "Gagliardi, Claudio"]
[Result "1/2-1/2"]
[WhiteElo "1793"]
[BlackElo "1766"]
[PlyCount "46"]
[EventDate "2013.08.18"]
[EventType "swiss"]
[EventRounds "8"]
[EventCountry "ITA"]
[SourceTitle "EXT 2015"]
[Source "ChessBase"]
[SourceDate "2014.11.20"]
[SourceVersion "1"]
[SourceVersionDate "2014.11.20"]
[SourceQuality "1"]

1. d4 Nf6 2. Nc3 d5 3. Bg5 e6 4. e4 Be7 5. e5 Nfd7 6. Bxe7 Qxe7 7. f4 c6 8. Nf3 b6 9. Bd3 a5 10. Ng5 g6 11. Qg4 Ba6 12. Qh3 Bxd3 13. Qxd3 Na6 14. a3 Nc7 15. h4 c5 16. h5 cxd4 17. hxg6 Nxe5 18. gxf7+ Nxf7 19. Nxf7 Qxf7 20. Qxd4 0-0 21. g3 Qg7 22. Qxg7+ Kxg7 23. 0-0-0 Rf6 1/2-1/2

[Event "ITA-ch B"]
[Site "Civitanova Marche"]
[Date "2012.07.22"]
[Round "8"]
[White "Bossoni, Mario"]
[Black "Tardelli, Andrea"]
[Result "0-1"]
[WhiteElo "1919"]
[BlackElo "1736"]
[PlyCount "43"]
[EventDate "2012.07.15"]
[EventType "swiss"]
[EventRounds "8"]
[EventCountry "ITA"]
[SourceTitle "EXT 2023"]
[Source "ChessBase"]
[SourceDate "2022.10.05"]
[SourceVersion "1"]
[SourceVersionDate "2022.10.05"]
[SourceQuality "1"]

1. e4 e5 2. Bc4 Nf6 3. d3 Nc6 4. Nf3 Bc5 5. c3 0-0 6. Bg5 d6 7. Nbd2 a6 8. b4 Ba7 9. h3 Be6 10. 0-0 h6 11. Bh4 Kh7 12. g4 g5 13. Bxe6 fxe6 14. Bxg5 Rg8 15. Bh4 Nxg4 16. Bxd8 Nxf2+ 17. Ng5+ Rxg5+ 18. Bxg5 Nxd1+ 19. Kh2 Nxc3 20. Bh4 Rg8 21. a3 Be3 22. Rf7+ 0-1

[Event "ITA-ch B"]
[Site "Civitanova Marche"]
[Date "2012.07.19"]
[Round "5"]
[White "Tardelli, Andrea"]
[Black "Bellincampi, Stefano"]
[Result "0-1"]
[WhiteElo "1736"]
[BlackElo "2069"]
[PlyCount "48"]
[EventDate "2012.07.15"]
[EventType "swiss"]
[EventRounds "8"]
[EventCountry "ITA"]
[SourceTitle "EXT 2023"]
[Source "ChessBase"]
[SourceDate "2022.10.05"]
[SourceVersion "1"]
[SourceVersionDate "2022.10.05"]
[SourceQuality "1"]

1. e4 c5 2. d4 cxd4 3. c3 Nf6 4. e5 Nd5 5. cxd4 d6 6. Nf3 Nc6 7. Bc4 Nb6 8. Bxf7+ Kxf7 9. Ng5+ Kg8 10. e6 Qe8 11. Nc3 d5 12. Qf3 Nd8 13. Nxd5 Qg6 14. Nc7 h6 15. Qf7+ Nxf7 16. exf7+ Qxf7 17. Nxf7 Kxf7 18. Nxa8 Nxa8 19. Bf4 e6 20. 0-0 Bd7 21. Rac1 Be7 22. Be3 Nb6 23. Rc7 Bc6 24. Bf4 Nd5 0-1

[Event "ITA-ch B"]
[Site "Civitanova Marche"]
[Date "2012.07.18"]
[Round "4"]
[White "Rorato, Renzo"]
[Black "Tardelli, Andrea"]
[Result "1/2-1/2"]
[WhiteElo "2053"]
[BlackElo "1736"]
[PlyCount "34"]
[EventDate "2012.07.15"]
[EventType "swiss"]
[EventRounds "8"]
[EventCountry "ITA"]
[SourceTitle "EXT 2023"]
[Source "ChessBase"]
[SourceDate "2022.10.05"]
[SourceVersion "1"]
[SourceVersionDate "2022.10.05"]
[SourceQuality "1"]

1. Nf3 Nc6 2. d4 d5 3. c4 e5 4. cxd5 Qxd5 5. Nc3 Bb4 6. Bd2 Bxc3 7. Bxc3 e4 8. Ne5 Nxe5 9. dxe5 Qxd1+ 10. Rxd1 Be6 11. b3 Ne7 12. e3 0-0 13. Bb4 Rfe8 14. Bxe7 Rxe7 15. f4 exf3 16. gxf3 Bd7 17. f4 Bc6 1/2-1/2

[Event "ITA-ch B"]
[Site "Civitanova Marche"]
[Date "2012.07.17"]
[Round "3"]
[White "Tardelli, Andrea"]
[Black "Allegranti, Luca"]
[Result "1-0"]
[WhiteElo "1736"]
[BlackElo "1974"]
[PlyCount "71"]
[EventDate "2012.07.15"]
[EventType "swiss"]
[EventRounds "8"]
[EventCountry "ITA"]
[SourceTitle "EXT 2023"]
[Source "ChessBase"]
[SourceDate "2022.10.05"]
[SourceVersion "1"]
[SourceVersionDate "2022.10.05"]
[SourceQuality "1"]

1. d4 g6 2. e4 Bg7 3. Bf4 c5 4. Nf3 cxd4 5. e5 Nc6 6. Bc4 Qb6 7. Bb3 Qa5+ 8. Qd2 Qxd2+ 9. Nbxd2 b6 10. 0-0-0 Bb7 11. Rhe1 Nh6 12. h3 Na5 13. Ne4 Nxb3+ 14. axb3 0-0 15. Bh2 Nf5 16. g4 Ne3 17. fxe3 Bxe4 18. Nxd4 Rfc8 19. Rd2 Rc5 20. Ne2 Bd5 21. b4 Rb5 22. Nc3 Bc6 23. Nxb5 Bxb5 24. b3 a6 25. c4 Bc6 26. Ra2 Be4 27. Rd1 b5 28. Rxd7 bxc4 29. bxc4 Rb8 30. Rd4 Bh1 31. c5 Bb7 32. Rad2 e6 33. Rd8+ Rxd8 34. Rxd8+ Bf8 35. Bf4 Kg7 36. Bg5 1-0

[Event "ITA-ch B"]
[Site "Civitanova Marche"]
[Date "2012.07.15"]
[Round "1"]
[White "Pierantozzi, Stanislao"]
[Black "Tardelli, Andrea"]
[Result "1/2-1/2"]
[WhiteElo "1986"]
[BlackElo "1736"]
[PlyCount "65"]
[EventDate "2012.07.15"]
[EventType "swiss"]
[EventRounds "8"]
[EventCountry "ITA"]
[SourceTitle "EXT 2023"]
[Source "ChessBase"]
[SourceDate "2022.10.05"]
[SourceVersion "1"]
[SourceVersionDate "2022.10.05"]
[SourceQuality "1"]

1. d4 d5 2. c4 e5 3. dxe5 d4 4. Nf3 Nc6 5. a3 Nge7 6. Nbd2 Ng6 7. Nb3 Ngxe5 8. Nxe5 Nxe5 9. Qxd4 Qxd4 10. Nxd4 Nxc4 11. e4 Nd6 12. Bd3 f6 13. 0-0 Bd7 14. Be3 0-0-0 15. Rac1 Re8 16. Nf3 Kb8 17. Nd2 Bb5 18. Bxb5 Nxb5 19. f3 Rd8 20. Nc4 Nd4 21. Rfd1 Bc5 22. Kf2 Nb3 23. Bxc5 Nxc5 24. Ke2 Nb3 25. Rxd8+ Rxd8 26. Rd1 Nd4+ 27. Kf2 Kc8 28. Ne3 c6 29. g4 Ne6 30. b4 Nf4 31. Rxd8+ Kxd8 32. Nd1 g5 33. Ke3 1/2-1/2